000 00612nam a2200181Ia 4500
008 151018s9999 xx 000 0 und d
082 _bRBASDV60346
_a891.433
100 _aनिर्मला चौहान
245 _aसमाज का कायाकल्प
250 _b1
260 _bकिरण प्रकाशन
_c2012
300 _a96
600 _aनिर्मला चौहान
630 _aसमाज का कायाकल्प
700 _aनिर्मला चौहान
730 _aसमाज का कायाकल्प
942 _cBOOK
999 _c1053889
_d1053886